ბათუმის შოთა რუსთაველის სახელმწიფო უნივერსიტეტის ბიბლიოთეკა

ხელოვნური ინტელექტი საზოგადოების კარიბჭესთან (ბიბ.ჩანაწერი № 35485)

000 -LEADER
fixed length control field 00689nam a2200205Ia 4500
001 - CONTROL NUMBER
control field 1344
003 - CONTROL NUMBER IDENTIFIER
control field GE_BSU
008 - FIXED-LENGTH DATA ELEMENTS--GENERAL INFORMATION
fixed length control field 181216s||||||||xx |||||||||||||| ||und||
040 ## - CATALOGING SOURCE
Transcribing agency GE_BSU
080 ## - UNIVERSAL DECIMAL CLASSIFICATION NUMBER
Universal Decimal Classification number 004.8
100 ## - MAIN ENTRY--PERSONAL NAME
Personal name ჩოგოვაძე, გ; ცინცაძე. ა;
245 ## - TITLE STATEMENT
Title ხელოვნური ინტელექტი საზოგადოების კარიბჭესთან
260 ## - PUBLICATION, DISTRIBUTION, ETC.
Place of publication, distribution, etc. თბილისი
260 ## - PUBLICATION, DISTRIBUTION, ETC.
Name of publisher, distributor, etc. საბჭოთა საქართველო
260 ## - PUBLICATION, DISTRIBUTION, ETC.
Date of publication, distribution, etc. 1987
300 ## - PHYSICAL DESCRIPTION
Other physical details 131 გვ. 19 სმ.
653 ## - INDEX TERM--UNCONTROLLED
Uncontrolled term ხელოვნური ინტელექტი;
942 ## - ADDED ENTRY ELEMENTS (KOHA)
Koha item type წიგნი
ეგზემპლარები
Withdrawn status Lost status Damaged status Not for loan Date acquired Barcode Date last seen Price effective from Koha item type Public note
        2018-12-17 2909 2018-12-17 2018-12-17 წიგნი დარბაზი